000 00845nam a2200205 a 4500
001 22425
003 CO-ViMGA
008 141112s2004 ck r 000 u spa d
040 _aCO-ViMGA
_bspa
_cCO-ViMGA
082 0 4 _a136.1 C681m
100 1 _aCowan, Conell; Kinder, Melvin
_931778
245 1 0 _aLas mujeres que los hombres aman, las mujeres que los hombres abandonan
250 _a334
260 _aBuenos Aires :
_bJavier Vergara,
_c1988
505 _a¿Por que el amor parece tan esquivo? 313 - - El temor inconsiente a la intimidad emocional 29 - - Como las expectativas inocentes se vuelven peligrosas 57 - - Las mujeres que, en el fondo desprecian a los hombres 79
590 _aForma de adquisición : Donacion - - Precio : 10.000
650 1 4 _aAMOR PSICOLOGIA
_928191
650 1 4 _aPSICOLOGIA DE LA MUJER
_912476
942 _2ddc
_cBK
999 _c30731
_d30731